RHCE red hat certified engineer Linux study guide (Exam RH302) (Record no. 6309)

MARC details
000 -LEADER
fixed length control field 00876 a2200241 4500
005 - DATE AND TIME OF LATEST TRANSACTION
control field 20080827104254.0
008 - FIXED-LENGTH DATA ELEMENTS--GENERAL INFORMATION
fixed length control field 080827t xxu||||| |||| 00| 0 eng d
010 ## - LIBRARY OF CONGRESS CONTROL NUMBER
LC control number ENG-87270
020 ## - INTERNATIONAL STANDARD BOOK NUMBER
International Standard Book Number 9780070659674
020 ## - INTERNATIONAL STANDARD BOOK NUMBER
International Standard Book Number 0070659672
Terms of availability 595.00
035 ## - SYSTEM CONTROL NUMBER
System control number EN-70803
037 ## - SOURCE OF ACQUISITION
Source of stock number/acquisition DBAD / PUB
082 ## - DEWEY DECIMAL CLASSIFICATION NUMBER
Classification number 005.43
100 ## - MAIN ENTRY--PERSONAL NAME
Personal name Jang, Michael
245 ## - TITLE STATEMENT
Title RHCE red hat certified engineer Linux study guide (Exam RH302)
Statement of responsibility, etc Michael Jang
250 ## - EDITION STATEMENT
Edition statement 5th ed.
260 ## - PUBLICATION, DISTRIBUTION, ETC. (IMPRINT)
Place of publication, distribution, etc New Delhi
Name of publisher, distributor, etc Tata McGraw-Hill Publishing
Date of publication, distribution, etc 2007
270 ## - ADDRESS
Address 7, West Patel Nagar
City New Delhi
Postal code 110 008
300 ## - PHYSICAL DESCRIPTION
Extent xlvii, 857 p.
Dimensions 24 cm (Pbk.)
500 ## - GENERAL NOTE
General note Includes indexes
942 ## - ADDED ENTRY ELEMENTS (KOHA)
Institution code [OBSOLETE] dpl
Koha item type English Books
Call number prefix 005.43/JAN
Source of classification or shelving scheme Dewey Decimal Classification
Classification part 005.43
Call number suffix JAN
Holdings
Withdrawn status Lost status Damaged status Not for loan Home library Current library Date acquired Cost, normal purchase price Total Checkouts Full call number Barcode Date last seen Copy number Uniform Resource Identifier Cost, replacement price Price effective from Koha item type
        D.B.Act.Division D.B.Act.Division 27/08/2008 595.00   005.43 JAN EN-70803 15/09/2008 1 6790 595.00 15/09/2008 English Books

© Delhi Public Library
Hit Counter
free hit counter